A Defensoria Pb︢lica do Estado de Sô Paulo por um acesso democrt̀ico ̉justiȧ /

Detalles Bibliográficos
Autor principal: Macedo Haddad, Eneida Gonȧlves de
Formato: eBook
Lenguaje:portugués
Publicado: San Pablo: Letras Jurídicas Editora, 2011
Materias:
Acceso en línea:Acceso restringido

MARC

LEADER 00000nam a22000007a 4500
005 20200714232252.0
007 cr|||| ||||
008 200714s2011 br |||||s|||| 00||0 por d
020 |a 978-85-89917-81-0 
035 |a 31810 
040 |a vLex 
090 |c 10640  |d 10640 
100 1 |a Macedo Haddad, Eneida Gonȧlves de 
245 1 1 |a A Defensoria Pb︢lica do Estado de Sô Paulo  |h [Recurso electrn̤ico] :  |b por um acesso democrt̀ico ̉justiȧ /  |c Eneida Gonȧlves de Macedo Haddad 
256 |a Servicio en ln̕ea 
260 |a San Pablo:  |b Letras Jurídicas Editora,  |c 2011 
300 |a 1 recurso electrn̤ico 
500 |a O interesse em conhecer a Defensoria Pb︢lica do Estado de Sô Paulo levou as autoras, professoras do Curso de Direito da Universidade Nove de Julho/UNINOVE, a desenvolverem um projeto de pesquisa voltado ao resgate da histr̤ia dessa instituiȯ̂. Iniciada em agosto de 2007 e conclud̕a em 2010, a investigaȯ̂ envolveu muitos alunos de Iniciaȯ̂ Cientf̕ica. O referido objeto de estudo buscou alcanȧr quatro objetivos: resgatar a memr̤ia do Movimento organizado tendo em vista a criaȯ̂ da instituiȯ̂; conhecer a tramitaȯ̂ do pertinente projeto de lei na Assembleia Legislativa de Sô Paulo; analisar a atuaȯ̂ da instituiȯ̂ e, por fim, avaliar o papel que ela vem desempenhando juridicamente na defesa dos direitos sociais. Cada autora dedicou-se ao alcance de um dos objetivos. 
506 1 |a Disponible solo en los productos indicados  |d vLex Global  |d vLex Global (Academic Edition, excluding Law Schools)  |d vLex Global (U.S. Academic Edition, Law Schools)  |d vLex Global (U.S. Academic Edition, excluding Law Schools)  |d vLex Global (Academic Edition, Law Schools) 
650 0 4 |a Derecho Constitucional  |z Brasil 
740 0 |a vLex Libros (Servicio en ln̕ea) 
856 4 0 |u http://vlex.com/source/defensoria-publica-do-estado-de-s-o-paulo-por-um-acesso-democratico-a-justi-a-31810  |z Acceso restringido 
942 |c BOOK 
999 0 |a Constitutional right